000 00482nam a22001697a 4500
003 BD-ChCU
005 20260510131905.0
008 260510b bg ||||| |||| 00| 0 ben d
040 _cBD-ChCU
082 _a370.16 TRP
100 _aTrow , William Clark .
_922693
245 _aPsychology in teaching and learning ./
_cWilliam Clark , Trow .
260 _aNew Delhi :
_bEurasia
_cC 1970
300 _axv , 488p
650 0 _aEducational Psychology .
_922694
942 _2ddc
_cBK
_n0
999 _c112831
_d112831